Statistics for Every Fanta Flavour

Click here to take the quiz!

General Stats

  • This quiz has been taken 27 times
  • The average score is 9 of 20

Answer Stats

Answer% Correct
Fanta Orange
96%
Fanta Grape
91%
Fanta Strawberry
91%
Fanta Apple
78%
Fanta Cherry
78%
Fanta Lemon
70%
Fanta Pineapple
70%
Fanta Peach
57%
Fanta Berry
52%
Fanta Mango
52%
Fanta Exotic
26%
Fanta Fruit Punch
17%
Fanta Fruit Twist
17%
Fanta Green Apple
17%
Fanta Shokata
13%
Fanta Toronja
13%
Fanta Wild Cherry
13%
Fanta Pink Grapefruit
9%
Fanta Strawberry And Kiwi
9%
Fanta Raspberry And Passionfruit
4%

Score Distribution

Percentile by Number Answered

Percent of People with Each Score

Your Score History

You have not taken this quiz